| 000 | 00684nam a22002417a 4500 | ||
|---|---|---|---|
| 003 | UA-OsUOA | ||
| 001 | 85845 | ||
| 007 | ta | ||
| 008 | 20120717b un ||||| |||| 00| 0 ukr d | ||
| 090 |
_a94(477)"19" _bТ44 |
||
| 942 | _cBK | ||
| 040 |
_aUA-OsUOA _bukr _cUA-OsUOA _dUA-OsUOA |
||
| 245 | _aТисяча років українській суспільно-політичної думки | ||
| 300 | _a400 с. | ||
| 955 | _a2 | ||
| 041 | _aukr | ||
| 080 | _a94(477)"19" | ||
| 020 | _a966-578-072-7 | ||
| 260 |
_aК. _bДніпро _c2001 |
||
| 246 | 3 | 1 |
_aКн. 2 _n |
| 650 | 7 |
_a9 Географія. Біографії. Історія _2UDC |
|
| 999 |
_c372075 _d372075 |
||